000
00458nam a2200145Ia 4500
008
090124s9999 xx 000 0 und d
082
_b
401587
245
_a
जम्मत टंपू- टिल्लूची
250
_a
1
260
_b
पदकी सरिता
_c
1979
300
_a
73
630
_a
जम्मत टंपू- टिल्लूची
730
_a
जम्मत टंपू- टिल्लूची
942
_c
BOOK
999
_c
197971
_d
197971